Suomen suurimmat kauppakeskukset (2024) - Statistics

Yleistilastot
  • Tätä visaa on pelattu 314 kertaa
  • Keskiarvotulos 11 / 20
Vastaustilastot
Kaupunki Pinta-ala (m²) Kauppakeskus % Oikein
Lempäälä 115 276 Ideapark Lempäälä
91%
Seinäjoki 69 000 Ideapark Seinäjoki
91%
Vantaa 115 900 Jumbo-Flamingo
81%
Espoo 85 200 Iso Omena
76%
Helsinki 86 600 Mall of Tripla
69%
Espoo 91 900 Sello
65%
Helsinki 71 049 Itis
62%
Tampere 49 600 Ratina
62%
Helsinki 35 500 Forum
61%
Helsinki 59 165 Redi
61%
Tampere 34 000 Koskikeskus
60%
Raisio 60 382 Mylly
49%
Turku 51 028 Hansakortteli
36%
Kouvola 40 565 Veturi
36%
Pori 35 143 Puuvilla
31%
Turku 36 657 Skanssi
30%
Hyvinkää 58 910 Willa
29%
Espoo 46 194 AINOA
24%
Helsinki 47 357 Kaari
24%
Espoo 37 800 Lippulaiva
23%
Ehtoja vastaavia visoja ei löytynyt
Tulosjakauma
Jokaisen tuloksen saaneiden osuus
Persentiili vastausten määrän mukaan
Tuloshistoriasi
Et ole pelannut tätä visaa